Intellectual Property and Open Source (Record no. 11036)
[ view plain ]
| 000 -LEADER | |
|---|---|
| fixed length control field | 00569 a2200157 4500 |
| 020 ## - INTERNATIONAL STANDARD BOOK NUMBER | |
| International Standard Book Number | 9780596517960 |
| 082 ## - DEWEY DECIMAL CLASSIFICATION NUMBER | |
| Classification number | 346.73048 |
| 090 ## - LOCALLY ASSIGNED LC-TYPE CALL NUMBER (OCLC); LOCAL CALL NUMBER (RLIN) | |
| -- | 7233 |
| -- | 7233 |
| 100 ## - MAIN ENTRY--PERSONAL NAME | |
| Personal name | Lindberg, Van |
| 245 ## - TITLE STATEMENT | |
| Title | Intellectual Property and Open Source |
| Remainder of title | A Practical guide to protecting Code |
| Statement of responsibility, etc. | Lindberg, Van |
| 260 ## - PUBLICATION, DISTRIBUTION, ETC. | |
| Place of publication, distribution, etc. | USA |
| Name of publisher, distributor, etc. | O'Reilly Media Inc. |
| Date of publication, distribution, etc. | 2008 |
| 300 ## - PHYSICAL DESCRIPTION | |
| Extent | xv, 371 p. |
| Dimensions | 25 cm. |
| 500 ## - GENERAL NOTE | |
| General note | Includes bibliographical references and index. |
| 650 ## - SUBJECT ADDED ENTRY--TOPICAL TERM | |
| Topical term or geographic name entry element | 1. Intellectual Property--United States. 2. Computer Networks--Law and Legislation--United States. |
| 942 ## - ADDED ENTRY ELEMENTS (KOHA) | |
| Koha item type | Book |
| Call number prefix | 346.73048 LIN |
| Withdrawn status | Lost status | Damaged status | Not for loan | Permanent Location | Current Location | Date acquired | Total Checkouts | Total Renewals | Full call number | Barcode | Date last seen | Date last checked out | Price effective from | Koha item type |
|---|---|---|---|---|---|---|---|---|---|---|---|---|---|---|
| NUST Law School (NLS) | NUST Law School (NLS) | 07/23/2022 | 1 | 1 | 346.73048 LIN | SEECSD00540 | 12/09/2024 | 12/03/2024 | 11/14/2012 | Book |
